Corpus linguistics around the world
Αποθηκεύτηκε σε:
| Άλλοι συγγραφείς: | , , |
|---|---|
| Μορφή: | Βιβλίο |
| Γλώσσα: | English |
| Δημοσίευση: |
Amsterdam; New York :
Rodopi,
2006
|
| Σειρά: | Language and computers ;
; 56 |
| Θέματα: | |
| Ετικέτες: |
Προσθήκη ετικέτας
Δεν υπάρχουν, Καταχωρήστε ετικέτα πρώτοι!
|
MARC
| LEADER | 00000nam a2200000 i 4500 | ||
|---|---|---|---|
| 001 | 1/75251 | ||
| 008 | 080221s2006 eng d | ||
| 020 | |a 90-420-1836-4 (hbk.) | ||
| 035 | |l 10094872 | ||
| 040 | |a GR-MY-UA |b gre |e aacr | ||
| 041 | 0 | |a eng | |
| 082 | 0 | |a 410.285 |2 (22) | |
| 245 | 1 | 0 | |a Corpus linguistics around the world / |c edited by Andrew Wilson, Dawn Archer, Paul Rayson |
| 260 | |a Amsterdam; New York : |b Rodopi, |c 2006 | ||
| 300 | |a 233 σ.; |b διαγρ.; |c 23 εκ. | ||
| 490 | 1 | |a Language and computers |v ; 56 | |
| 500 | |a "This volume contains a selection of the papers delivered at the Corpus Linguistics 2003 conference, held at Lancaster University in April 2003" | ||
| 504 | |a Περιλαμβάνει βιβλιογραφίες | ||
| 650 | 0 | 0 | |a Computational linguistics. |
| 650 | 0 | 0 | |a Linguistics. |
| 700 | 0 | |a Wilson, Andrew. |4 edt | |
| 700 | 0 | |a Archer, Dawn. |4 edt | |
| 700 | 1 | |a Rayson, Paul. |4 edt | |
| 830 | 0 | |a Language and computers ; |v ; 56 | |
| 852 | |a INST |b RHODES |e 20080221 |h 410.285 COR |p 005400029849 |q 005400029849 |t BK |y 0 | ||
| 901 | |a BIBL4-2008-1 | ||
| 909 | |a Ρ |b 145769 | ||
| 922 | |a 4ΕΛΗ |b 200801 |c ΕΠΕΑΕΚ2/ΤΜΣ |d ΠΑΠΑΣΩΤΗΡΙΟΥ | ||
| 970 | |a ΧΑΡΙΟΠΟΛΙΤΟΥ |b ΚΩΝΣΤΑΝΤΙΝΑ |z 2008/02/21 | ||